000 00573nam a2200193 a 4500
001 000009523
005 20240412074211.0
008 090930s1999 dr 000 0 spa d
040 _aDO-SdBNP
_bspa
_cBNPHU
082 _aRD861.44
_bA148p
100 1 _aAbinader, José Rafael
_911652
245 1 0 _aPoemas antiguos /
_cJosé Rafael Abínader.
260 _aSanto Domingo :
_bPanamericana,
_c1999.
300 _a168 p. ;
_c27 cm.
650 0 _aPoesía dominicana
_966
650 0 _aLiteratura dominicana.
_967
910 _aValidado. Control de calidad BNPHU.
049 _aBNPD
999 _c9283
_d9283